Piłkarze Stali Rzeszów - nagła śmierć - Statystyki

Ogólne statystyki
  • Ten quiz został rozwiązany 34 razy
  • Średni wynik to 9 z 20
Answers on the Grid
Answers color-coded by a green-red scale on the quiz's grid according to % correct below.
Michal Synoś
Jakub Moder
Gerard Bieszczad
Patryk Warczak
Michał Żyro
Piotr Ceglarz
Michał Płonka
Ksawery Kukułka
Jakub Apolinarski
Jakub Bąk
Filip Wolski
Hubert Antkowiak
Jonathan Júnior
Karol Czubak
Mateusz Pruchniewski
Adrian Błąd
Filip Kozłowski
Kamil Kościelny
Bartłomiej Kalinkowski
Jean Carlos Silva
Przemysław Szarek
Kacper Masiak
Hubert Turski
Jesús Díaz
Dominik Sokół
Patryk Szysz
Patryk Plewka
Igor Łasicki
Oliwier Sławiński
Kamil Pajnowski
Michał Król
Tomasz Tułacz
Marek Kozioł
Norbert Wojtuszek
Jakub Wrąbel
Rafał Strączek
Andrzej Trubeha
Rafał Kurzawa
Patryk Małecki
Dominik Marczuk
 
Statystyki odpowiedzi
Odpowiedź % Poprawnych
Michal Synoś
83%
Patryk Warczak
79%
Ksawery Kukułka
67%
Gerard Bieszczad
63%
Jonathan Júnior
63%
Jesús Díaz
58%
Filip Wolski
54%
Kamil Kościelny
54%
Marek Kozioł
50%
Dominik Marczuk
46%
Jakub Wrąbel
46%
Kacper Masiak
42%
Oliwier Sławiński
38%
Kamil Pajnowski
33%
Patryk Małecki
29%
Patryk Plewka
21%
Piotr Ceglarz
17%
Andrzej Trubeha
13%
Jakub Bąk
8%
Tomasz Tułacz
8%
Nie znaleziono quizów pasujących do podanych kryteriów
Rozkład punktacji
Procent ludzi z każdym wynikiem
Percentyl według liczby udzielonych odpowiedzi
Twoja historia wyników
Nie rozwiązałeś tego quizu